000
00284nam a22001217a 4500
008
171010b xxu||||| |||| 00| 0 eng d
041
_a
eng
080
_a
316
100
_a
50
101
_a
SOC
245
_a
SEX, RACE, AND THE ROLE OF WOMEN IN THE SOUTH
_c
HAWKS,J,V
942
_2
udc
_c
BK
999
_c
32962
_d
32962